000 00340nam a22001457a 4500
020 _a132-978-0-471-69867-8
041 _aENG
100 _aDuffie .J.A
245 _aSolar Engineering of Thermal Processes
260 _aAmerica
_bJohn Wiley & Sons
_c2006
300 _a908
650 _aEOES
700 _aBeckman.W.A
856 _uEOES ( 11 )
999 _c1189
_d1189